|
|
|
|
| LEADER |
00000naa2a2200000 4500 |
| 001 |
86820 |
| 005 |
20240126132946.0 |
| 035 |
|
|
|a (RuTPU)RU\TPU\book\93221
|
| 090 |
|
|
|a 86820
|
| 100 |
|
|
|a 20051130d2005 k y0rusy50 ca
|
| 101 |
0 |
|
|a rus
|
| 102 |
|
|
|a RU
|
| 200 |
1 |
|
|a Петрогенезис и минералого-геохимические особенности гранитоидов Юстыдского массива (юго-восточный Алтай)
|f Т. И. Полуэктова, А. И. Баженов, К. Л. Новосёлов
|
| 320 |
|
|
|a Библиогр.: 6 назв.
|
| 463 |
|
0 |
|0 (RuTPU)RU\TPU\book\89695
|t Проблемы геологии и разведки месторождений полезных ископаемых
|o труды Всероссийской научной конференции (с международным участием), Томск
|f Томский политехнический университет; Институт геологии и нефтегазового дела; Проблемы геологии и разведки месторождений полезных ископаемых. Всероссийская научная конференция
|v С. 120-125.
|d 2005
|p 604 с.
|
| 610 |
1 |
|
|a геохимия
|
| 610 |
1 |
|
|a петрогенезис
|
| 610 |
1 |
|
|a гранитоиды
|
| 610 |
1 |
|
|a Алтай
|
| 610 |
1 |
|
|a вольфрам
|
| 610 |
1 |
|
|a труды учёных ТПУ
|
| 700 |
|
1 |
|a Полуэктова
|b Т. И.
|c специалист по учебно-методической работе Томского политехнического университета
|c кандидат геолого-минералогических наук
|f 1940-
|g Тамара Ивановна
|3 (RuTPU)RU\TPU\pers\35034
|9 18321
|
| 701 |
|
1 |
|a Баженов
|b А. И.
|
| 701 |
|
1 |
|a Новосёлов
|b К. Л.
|c геолог
|c доцент Томского политехнического университета, кандидат геолого-минералогических наук
|f 1969-
|g Константин Леонидович
|3 (RuTPU)RU\TPU\pers\26069
|9 11907
|
| 801 |
|
1 |
|a RU
|b 63413507
|c 20051130
|g PSBO
|
| 801 |
|
2 |
|a RU
|b 63413507
|c 20150820
|g PSBO
|
| 942 |
|
|
|c BK
|